| 000 | 01470nam0a2200337 i 4500 | ||
|---|---|---|---|
| 001 | RU\NLR\BIBL_A\010670488 | ||
| 005 | 20260409080715.0 | ||
| 010 |
_a9785386055868 _91000 |
||
| 021 |
_aRU _b2014-94215 _95729 |
||
| 035 | _a(NLR Aleph) 010670488 | ||
| 090 |
_a9603800 _c9603800 |
||
| 100 | _a20130422d2015 u y0rusy50 ca | ||
| 101 | 1 |
_arus _asan _csan |
|
| 102 | _aRU | ||
| 105 | _aah w|||001yy | ||
| 200 | 1 |
_aБхагавад Гита _eновый перевод с примечаниями _f[пер. с санскрита, граммат. разбор, примеч. и введ. Д. Бурбы] |
|
| 210 |
_aМосква _cРИПОЛ классик _d2015 |
||
| 215 |
_a558 с. _cил., факс. _d22 |
||
| 300 | _aЗагл. также на санскрите | ||
| 300 | _aЧасть текста на санскрите | ||
| 320 | _aБиблиогр.: с. 557-558 и в тексте примеч. | ||
| 320 | _aАлф. указ.: с. 527-544 | ||
| 500 |
_aМахабхарата _iБхагавадгита _3RU\NLR\auth\559115 _92631163 |
||
| 605 |
_a"Бхагавадгита" _lфилософско-литературный памятник санскритской литературы _91216652 _3RU\NLR\auth\66176201 |
||
| 686 | _aЭ331-260.9 | ||
| 702 | 1 |
_aБурба _bД. В. _gДмитрий Викторович _4730 |
|
| 942 | _cBOOK | ||
| 980 | _aNBR | ||